000
00304 a2200133 4500
001
89210
082
_a
813.54 STE
090
_c
42161
_d
42161
100
_a
Steel, Danielle
245
_a
Happy birthday
260
_a
London
_b
Bantam Press
_c
2011
300
_a
339 p.
740
_a
english novel;fiction
942
_a
CAE NUST
_k
813.54 STE
999
_c
324283
_d
324283